[Event "Heusenstamm Sparkassen op 8th"]
[Site "Heusenstamm"]
[Date "2022.11.20"]
[Round "7"]
[White "Li, Maxim"]
[Black "Sever, Mustafa Batuhan"]
[Result "1/2-1/2"]
[WhiteElo "1966"]
[BlackElo "2089"]
[PlyCount "82"]
[EventDate "2022.11.17"]
[EventType "swiss"]
[EventRounds "7"]
[EventCountry "GER"]
[SourceTitle "CBM 212 Extra"]
[Source "ChessBase"]
[SourceDate "2023.03.31"]
[SourceVersion "1"]
[SourceVersionDate "2023.03.31"]
[SourceQuality "1"]

1. e4 c5 2. Nc3 Nc6 3. Bb5 Nd4 4. Bc4 a6 5. a4 g6 6. Nge2 Bg7 7. Nxd4 cxd4 8. Qf3 e6 9. Ne2 Ne7 10. 0-0 0-0 11. Bb3 b6 12. d3 Bb7 13. Qh3 d5 14. f3 Bc8 15. Bh6 e5 16. Qh4 Be6 17. f4 dxe4 18. Bxe6 Bxh6 19. Qxh6 fxe6 20. dxe4 d3 21. cxd3 Qxd3 22. Nc3 exf4 23. Rad1 Qe3+ 24. Kh1 Rad8 25. Rde1 Qd2 26. Rd1 Qe3 27. Rde1 Qc5 28. Rxf4 Rxf4 29. Qxf4 Rf8 30. Qg4 Qe5 31. Qe2 a5 32. Rf1 Rf4 33. Rxf4 Qxf4 34. g3 Qe5 35. Qd3 Kf7 36. Kg2 Qc5 37. Qf3+ Kg7 38. Qf2 Nc6 39. Qxc5 bxc5 40. Kf2 Ne5 41. Ke2 g5 1/2-1/2

[Event "Heusenstamm Sparkassen op-A 7th"]
[Site "Heusenstamm"]
[Date "2021.11.20"]
[Round "4.22"]
[White "Pauls, Wilhelm"]
[Black "Sever, Mustafa Batuhan"]
[Result "1-0"]
[WhiteElo "1993"]
[BlackElo "2089"]
[PlyCount "61"]
[EventDate "2021.11.18"]
[EventType "swiss"]
[EventRounds "7"]
[EventCountry "GER"]
[SourceTitle "EXT 2023"]
[Source "ChessBase"]
[SourceDate "2022.10.05"]
[SourceVersion "1"]
[SourceVersionDate "2022.10.05"]
[SourceQuality "1"]

1. e4 c5 2. Nf3 e6 3. d4 cxd4 4. Nxd4 Nf6 5. Nc3 d6 6. Bc4 Be7 7. Bb3 Na6 8. Be3 Nc5 9. f3 Qc7 10. Qe2 a6 11. g4 b5 12. g5 Nfd7 13. 0-0-0 Bb7 14. h4 Nb6 15. Qf2 Rc8 16. Kb1 b4 17. Nce2 a5 18. Nf4 e5 19. Nb5 Qb8 20. Nh5 Ba6 21. Nxg7+ Kf8 22. Nxd6 Bxd6 23. Nf5 Nd3 24. cxd3 a4 25. Bxf7 Kxf7 26. Bxb6 b3 27. f4 exf4 28. Qd4 Ke6 29. Qd5+ Kd7 30. Qf7+ Kc6 31. Bd4 1-0

[Event "Main Vogelsberg op 14th"]
[Site "Waechtersbach"]
[Date "2019.06.10"]
[Round "7"]
[White "Sever, Mustafa Batuhan"]
[Black "Klundt, Klaus"]
[Result "1/2-1/2"]
[WhiteElo "2058"]
[BlackElo "2192"]
[PlyCount "80"]
[EventDate "2019.06.07"]
[EventType "swiss"]
[EventRounds "7"]
[EventCountry "GER"]
[SourceTitle "CBM 190 Extra"]
[Source "ChessBase"]
[SourceDate "2019.07.15"]
[SourceVersion "1"]
[SourceVersionDate "2019.07.15"]
[SourceQuality "1"]

1. e4 c5 2. Nf3 e6 3. d4 cxd4 4. Nxd4 Nc6 5. Nc3 Qc7 6. Be3 a6 7. Be2 Nf6 8. 0-0 Bb4 9. Na4 0-0 10. Nxc6 bxc6 11. f4 Rb8 12. Bd3 Be7 13. c4 d6 14. Kh1 c5 15. e5 Nd7 16. Qc2 g6 17. exd6 Bxd6 18. Rad1 Nf6 19. Nc3 Bb7 20. b3 Rbd8 21. Be4 Nxe4 22. Nxe4 Be7 23. Ng5 Rxd1 24. Rxd1 Rd8 25. Rf1 Qd7 26. Qf2 Qc6 27. Nf3 Rd3 28. Ne1 Rd1 29. Nf3 Rxf1+ 30. Qxf1 Qe4 31. Qf2 Qb1+ 32. Ng1 Qf5 33. h3 h5 34. Nf3 Bd6 35. Kg1 Qb1+ 36. Kh2 Qf5 37. Kg1 Qd3 38. Ne5 Qe4 39. Nd7 Qb1+ 40. Kh2 g5 1/2-1/2

[Event "Hessen-chA"]
[Site "Frankfurt"]
[Date "2019.06.02"]
[Round "7"]
[White "Sever, Mustafa Batuhan"]
[Black "Ochs, Daniel Elias"]
[Result "1/2-1/2"]
[WhiteElo "2068"]
[BlackElo "1906"]
[PlyCount "38"]
[EventDate "2019.05.30"]
[EventType "swiss"]
[EventRounds "7"]
[EventCountry "GER"]
[SourceTitle "EXT 2020"]
[Source "ChessBase"]
[SourceDate "2019.10.17"]
[SourceVersion "1"]
[SourceVersionDate "2019.10.17"]
[SourceQuality "1"]

1. e4 e6 2. d4 d5 3. Nd2 Be7 4. Ngf3 Nf6 5. e5 Nfd7 6. Bd3 c5 7. c3 b6 8. h4 Ba6 9. Bxa6 Nxa6 10. h5 b5 11. h6 g6 12. 0-0 0-0 13. Qe2 Qb6 14. Rd1 c4 15. b3 Rfc8 16. Bb2 Nab8 17. Nf1 Nc6 18. Ne3 a5 19. Nd2 Bf8 1/2-1/2

[Event "Hofheim Spring op 7th"]
[Site "Hofheim"]
[Date "2019.04.25"]
[Round "5"]
[White "Thrish, Karthik"]
[Black "Sever, Mustafa Batuhan"]
[Result "1/2-1/2"]
[WhiteElo "2096"]
[BlackElo "2068"]
[PlyCount "156"]
[EventDate "2019.04.23"]
[EventType "swiss"]
[EventRounds "9"]
[EventCountry "GER"]
[SourceTitle "CBM 190 Extra"]
[Source "ChessBase"]
[SourceDate "2019.07.15"]
[SourceVersion "1"]
[SourceVersionDate "2019.07.15"]
[SourceQuality "1"]

1. Nf3 f5 2. d4 Nf6 3. Bg5 Ne4 4. Bf4 g6 5. Be5 Nf6 6. Bxf6 exf6 7. c4 Bg7 8. e3 0-0 9. Bd3 d5 10. Nc3 dxc4 11. Bxc4+ Kh8 12. 0-0 Nc6 13. a3 Bd7 14. Ne2 g5 15. Qc2 f4 16. h3 fxe3 17. fxe3 f5 18. Rae1 g4 19. Nh2 gxh3 20. Nf4 hxg2 21. Qxg2 Qf6 22. Nh5 Qg6 23. Qxg6 hxg6 24. Nf4 Kh7 25. Nf3 Bh6 26. Kf2 g5 27. Nxg5+ Bxg5 28. Rh1+ Bh6 29. Reg1 Rf6 30. Nh3 Rg6 31. Ng5+ Rxg5 32. Rxg5 Rf8 33. Bd3 Ne7 34. Ke2 Rf6 35. e4 Rg6 36. Rgh5 fxe4 37. Bxe4 Bg4+ 38. Kd3 Bxh5 39. Rxh5 Kg7 40. Bxg6 Kxg6 41. Rc5 c6 42. b4 Bf4 43. Rc2 Kf5 44. b5 Ke6 45. bxc6 bxc6 46. Rb2 Bc7 47. Kc4 Bb6 48. Re2+ Kd6 49. Rf2 Ke6 50. Re2+ Kf6 51. Rh2 Nf5 52. Rh7 Bxd4 53. Rc7 c5 54. Rxa7 Ke5 55. Rc7 Nd6+ 56. Kd3 Kd5 57. a4 c4+ 58. Kc2 Bb6 59. Rh7 Kc5 60. Rh6 Ba5 61. Re6 Bb4 62. Re5+ Kb6 63. Rd5 Kc6 64. Rh5 Ne4 65. Rh6+ Kc5 66. Rh5+ Kd4 67. Rb5 Be1 68. Rb8 Nf2 69. Re8 Bb4 70. Rc8 Kd5 71. Ra8 Ne4 72. a5 Kc6 73. a6 Nd6 74. a7 Kb7 75. Rb8+ Kxa7 76. Rxb4 Ka6 77. Kc3 Ka5 78. Rxc4 Nxc4 1/2-1/2

[Event "Bad Soden U18 op 5th"]
[Site "Bad Soden"]
[Date "2018.10.01"]
[Round "4.5"]
[White "Gallasch, Robin"]
[Black "Sever, Mustafa Batuhan"]
[Result "0-1"]
[WhiteElo "1822"]
[BlackElo "2046"]
[PlyCount "94"]
[EventDate "2018.09.30"]
[EventType "swiss"]
[EventRounds "9"]
[EventCountry "GER"]
[SourceTitle "EXT 2020"]
[Source "ChessBase"]
[SourceDate "2019.10.17"]
[SourceVersion "1"]
[SourceVersionDate "2019.10.17"]
[SourceQuality "1"]

1. d4 f5 2. Bg5 g6 3. e3 Bg7 4. Nf3 d6 5. Bc4 Nf6 6. 0-0 e6 7. Nc3 d5 8. Be2 h6 9. Bf4 0-0 10. Nb5 Na6 11. c4 Ne4 12. Rc1 c6 13. Nc3 Nc7 14. cxd5 Nxc3 15. bxc3 Nxd5 16. Be5 Nf6 17. Qb3 b6 18. c4 Ba6 19. Rfd1 Qe7 20. Qa4 Qb7 21. Bf1 Rac8 22. c5 Bxf1 23. Kxf1 b5 24. Qa5 Nd5 25. Bd6 Rfd8 26. Rd3 Qf7 27. Rb1 Rd7 28. Qa6 Qe8 29. a4 b4 30. Ne1 f4 31. exf4 Rf7 32. g3 Qd7 33. Be5 Bf8 34. Nc2 Qb7 35. Qc4 a5 36. Ne3 g5 37. f5 exf5 38. Nxd5 cxd5 39. Qb5 Qa8 40. Re1 Rb7 41. c6 Rxb5 42. axb5 Qa7 43. Rf3 Qb6 44. Rxf5 Qxb5+ 45. Kg2 Rxc6 46. Bf4 gxf4 47. Re8 Rf6 0-1